000 00526pab a2200169 454500
008 180718b2014 xxu||||| |||| 00| 0 eng d
100 _aFlores, Stella M.
245 _aPricing out the disadvantaged? The effect of tuition deregulation in Texas public four-year institutions
260 _c2014
300 _ap.99-122.
362 _aSep
650 _aDisadvantaged children
700 _aShepherd, Justin C.
773 _aAnnals of the American Academy of Political and Social Science
908 _aN
909 _a105156
999 _c105151
_d105151